| 000 | 00975nam a22003017a 4500 | ||
|---|---|---|---|
| 001 | 4539 | ||
| 003 | FISKH | ||
| 005 | 20240913121512.0 | ||
| 008 | 240913b cb ||||| |||| 00| 0 eng d | ||
| 020 | _a9780545630139 | ||
| 040 |
_aFISKH _beng _cFISKH _dFISKH |
||
| 050 | _aPZ7.P63123 | ||
| 082 | _2813.6 | ||
| 100 |
_aPilkey, Dav _d1966- |
||
| 245 |
_aRicky ricotta's mighty robot vs. the jurassic jackrabbits from jupiter / _cStory by Dav Pilkey Art by Dan Santat |
||
| 250 | _aFirst printing in 2014 | ||
| 260 |
_aNew York : _bScholastic, _c2014. |
||
| 300 |
_a127 pages : _bColor illustration ; _c20cm |
||
| 505 | _aN | ||
| 520 | _aGeneral Jackrabbit and his Robo-Rabbits from Jupiter attempt to take over the world on Ricky Ricotta's birthday. | ||
| 521 | 8 |
_a570L
_bLexile |
|
| 521 | 8 |
_aN
_bRaz-Plus |
|
| 650 |
_2Robots _aScience fiction |
||
| 651 |
_2Funny _aChapter book |
||
| 700 |
_aSantat, Dan _dIllustrator |
||
| 942 |
_2ddc _cBK _n0 |
||
| 999 |
_c4539 _d4539 |
||